000 00977nam0a2200289 4500
001 RU\NLR\bibl\230860
005 20250619110957.0
010 _a5-88230-049-5
_93000
035 _a(NLR Aleph) 000226818
090 _a1319470
_c1319470
100 _a20020219d2001 |||y0rusy50 ca
101 0 _arus
102 _aRU
105 _aa |||||||||
200 1 _aЦифровое вещание
_eот студии к телезрителю
_fБ.А. Локшин
_gПод ред. проф. Л.С. Виленчика
210 _aМ.
_cСАЙРУС СИСТЕМС
_d2001
215 _a446 с., [5] л. цв. ил.
_cил.
_d26
320 _aБиблиогр.: с. 433-440
606 0 _aЦифровое телевизионное вещание
_92233730
_3RU\NLR\auth\661340635
686 _aЗ948
700 1 _aЛокшин
_bБ. А.
_4070
801 0 _aRU
_bNLR
_c20020219
_gPSBO
801 1 _aRU
_bNLR
_c20020219
942 _cBOOK
980 _aNB